Statistics for European Physical Geography

Click here to take the quiz!

General Stats

  • This quiz has been taken 25,867 times
  • The average score is 15 of 23

Answer Stats

HintAnswer% Correct
Mountain range that touches eight countriesAlps
89%
Largest islandsIreland
82%
Region of Sweden, Norway, and DenmarkScandinavia
82%
Largest islandsIceland
79%
Longest riversDanube
79%
Peninsula of Spain and PortugalIberian Peninsula
78%
Largest islandsSicily
77%
Mountain range between Spain and FrancePyrenees
73%
The gulfs of Bothnia and Finland are
part of this sea
Baltic Sea
72%
Sea to the east of ItalyAdriatic
71%
Sea to the east of GreeceAegean
70%
Mountain ranges separating
Europe and Asia
Ural
70%
Largest islandsGreat Britain
68%
Longest riversVolga
65%
Peninsula on which Yugoslavia satBalkan
61%
Bay between France and SpainBay of Biscay
60%
Largest islandsSardinia
60%
Most of Denmark is on this peninsulaJutland
52%
Mountain ranges separating Europe and AsiaCaucasus
51%
Peninsula of far southwest EnglandCornwall
44%
Type of wetland where peat accumulatesBog
42%
Highest mountainMount Elbrus
34%
Major arctic archipelago of NorwaySvalbard
28%

Score Distribution

Percentile by Number Answered

Percent of People with Each Score

Your Score History

You have not taken this quiz